| 000 | 00472nam a2200169 a 4500 | ||
|---|---|---|---|
| 001 | 14943 | ||
| 005 | 20180713203509.0 | ||
| 008 | 140415s1963 000 0 spa d | ||
| 041 | _aspa | ||
| 082 |
_a591 _bLEY |
||
| 100 | 1 | _aLEY, WILLY | |
| 245 | 1 | 3 |
_aEL PEZ PULMONADO, EL DODO Y EL UNICORNIO : _bUN EXCURSION POR LA ZOOLOGIA FANTASTICA |
| 260 |
_a[s.l.] : _bESPASA CALPE, _c1963 |
||
| 300 | _a360 | ||
| 650 | 1 | 4 | _aZOOLOGIA |
| 700 | 1 |
_aBANFI, JOSE _etr. |
|
| 999 |
_c14943 _d14943 |
||